000 00817nam a2200253Ia 4500
003 OSt
005 20221005073546.0
006 a|||||r|||| 00| 0
007 ta
008 221004b |||||||| |||| 00| 0 eng d
020 _a8185216509
_cINR 2500.00
024 _a45398
037 _b111756, 09/02/2018, International Book Distributors
_cTextual
040 _aCRL
_cCRL
_beng
041 _2eng
_aeng
082 _a2
100 _aRamesha B Ed.
_9588077
245 0 _a61st ILA international conference proceedings
_b sustaining the excellence
260 _aNew Delhi
_bIndian Library Association
_c2016
650 _aGeneral Books
_937993
700 _a Singh D.V.
942 _h2
_cTEXL
_2cc
999 _c981325
_d981325